000 01264nam a22003497a 4500
003 CHAP
005 20220817041931.0
008 971013s1972 r 00010 d
010 _a29208
011 _a30180
035 _a34292
040 _cCHAP
090 _aTesis
100 0 0 _aLeón Zambrano, Gilberto A.
_966210
245 _aPrueba de adaptación y rendimiento de cuatro variedades de chile picante (Capsicum annum L.) en la región de General Escobedo, Nuevo León
260 _aMonterrey, N.L. :
_bEl autor,
_c1972
300 _a37 h.
502 _aTesis (Ing. Agrónomo) -- Univ. Autónoma de Nuevo León. Fac. de Agronomía
590 _aALEPH
_b10
_c20130110
_lUCH01
_h1250
590 _aBATCH-UPD
_b10
_c20130109
_lUCH01
_h2349
590 _aBATCH-UPD
_b10
_c20130110
_lUCH01
_h1118
590 _aBATCH-UPD
_b10
_c20130409
_lUCH01
_h1920
590 _aBATCH-UPD
_b10
_c20130410
_lUCH01
_h0708
590 _aBATCH-UPD
_b10
_c20130914
_lUCH01
_h0923
590 _aCONVERSION
_b10
_c20130109
_lUCH01
_h1317
650 1 4 _aChile (Botánica)
_xEfecto del medio ambiente.
_922352
650 1 4 _aChile (Botánica)
_xRendimiento.
_922388
650 1 4 _aChile (Botánica)
_xVariedades.
901 _aBK
942 _cTESIS
949 _bBC
_cTES
_d-79465
_eTS1
_i34292
_si
999 _c29208
_d29208